01072nas a2200229Ia 4500001001100000003000900011008004100020040001300061040001300074041001300087100004600100210004500146222004500191245012700236250001100363260003400374501008600408300001700494362003300511500026000544650003800804R223/B5957IT-RoPAU151124c99999999xx |||||||||||| ||und|| aIT-RoPAU cIT-RoPAU aITALIANO aGresleri GlaucogCodice Aut. SPICS: 48110 aCHIESA OGGI ARCHITETTURA E COMUNICAZIONE aChiesa Oggi Architettura E Comunicazione aCHIESA OGGI ARCHITETTURA E COMUNICAZIONE, ANNO 02-N.04 (APRILE 1993)bMelchiorre Bega E Il Trionfo Dell'Architettura Nuova a1a ed. aMILANObDI BAIO EDITOREc1993 bPaulus - SPICS - Società San Paolo EM (non-commercial uses only)cCopyright2015 a6 p. [66-71] aANNO 002, N.04 (APRILE 1993) aL'Architetto Gresleri Rievoca la Gestazione della Chiesa di S. Giovanni Battista a Casalecchio di Reno, Opera di Uno dei Grandi dell'Architettura Contemporanea e Momento Emblematico del Periodo in Cui Si Rivoluziono' L'Architettura Sacra in Italia. Note d aESTETICAvPUBBLICAZIONE PERIODICA